Allergy / (Record no. 203679)

MARC details
000 -LEADER
fixed length control field 02665nam a2200349 ia4500
005 - DATE AND TIME OF LATEST TRANSACTION
control field 20260518154734.0
008 - FIXED-LENGTH DATA ELEMENTS--GENERAL INFORMATION
fixed length control field 260405t20252025njua erb 001 0 eng d
020 ## - INTERNATIONAL STANDARD BOOK NUMBER
International Standard Book Number 9781394256686
Terms of availability RM 90.09
Qualifying information paperback
040 ## - CATALOGING SOURCE
Original cataloging agency PPAK
Language of cataloging eng
Transcribing agency PPAK
Description conventions rda
082 04 - DEWEY DECIMAL CLASSIFICATION NUMBER
Edition number 23
Classification number 616.97
090 00 - LOCALLY ASSIGNED LC-TYPE CALL NUMBER (OCLC); LOCAL CALL NUMBER (RLIN)
Classification number (OCLC) (R) ; Classification number, CALL (RLIN) (NR) 616.97
Feature heading BER
Feature heading G
100 1# - MAIN ENTRY--PERSONAL NAME
Personal name Berger, William E.,
Titles and words associated with a name MD, MBA,
Relator term author.
245 10 - TITLE STATEMENT
Title Allergy /
Statement of responsibility, etc. by William E. Berger, MD, MBA Diplomate, American Board of Allergy & Immunology ; Nicole M. Faris, MSc Food Science & Technology BSc Nutritional Science
264 #1 - PRODUCTION, PUBLICATION, DISTRIBUTION, MANUFACTURE, AND COPYRIGHT NOTICE
Place of production, publication, distribution, manufacture Hoboken, New Jersey :
Name of producer, publisher, distributor, manufacturer John Wiley & Sons, Inc.,
Date of production, publication, distribution, manufacture, or copyright notice 2025
Date of production, publication, distribution, manufacture, or copyright notice ©2025
300 ## - PHYSICAL DESCRIPTION
Extent xv, 344 pages :
Other physical details illustrations ;
Dimensions 23 cm
336 ## - CONTENT TYPE
Content type term text
Source rdacontent
337 ## - MEDIA TYPE
Media type term unmediated
Source rdamedia
338 ## - CARRIER TYPE
Carrier type term volume
Source rdacarrier
490 1# - SERIES STATEMENT
Series statement LEARNING MADE EASY
Series statement For dummies
500 ## - GENERAL NOTE
General note Includes index
505 0# - FORMATTED CONTENTS NOTE
Formatted contents note Introduction -- Part 1: Getting started with allergy basics. Knowing what's ailing you -- Understanding your immune system -- Dealing with physician visits -- Part 2: Knowing your nose. Nosing around allergic rhinitis -- Avoiding enviornmental allergens -- Treating your rhinitis -- Assessing common nasal allergy complications -- Part 3: Approaching asthma. Reviewing asthma fundamentls -- Recognizing asthma triggers -- Living well with asthma -- Part 4: Understanding allergic skin conditions. Controlling atopic dermatitis -- Evaluating contact dermatitis -- Evaluating hives and angioedema -- Part 5: Reviewing food, drug, and insect allergies. Diagnosing and managing food allergies -- Understanding and treating food allergies -- Diagnosing and treating drug reactions -- Preventing insect sting reactions -- Part 5: The part of tens. Top ten list of allergy triggers --- Top ten body organs affected by allergies -- Index.
520 ## - SUMMARY, ETC.
Summary, etc. Allergy For Dummies is your one-stop source for comprehensive information on the different types of allergies and their triggers, along with tips on allergy management and prevention. Accessible, Dummies-style explanations will help you deal with hay fever, asthma, eczema, drug allergies, food sensitivities, and beyond--for yourself or anyone under your care. Get answers to your allergy-related questions, understand your triggers, and learn what you can do about allergies of all types. Ensure that you're in control and receive the help you need, with this friendly guide
650 10 - SUBJECT ADDED ENTRY--TOPICAL TERM
Topical term or geographic name entry element Allergy
Topical term or geographic name entry element Immune response.
Topical term or geographic name entry element Anaphylaxis
Form subdivision Prevention.
700 0# - ADDED ENTRY--PERSONAL NAME
Personal name Faris, Nicole M.,
Relator term author.
830 #0 - SERIES ADDED ENTRY--UNIFORM TITLE
Uniform title Learning made easy
Uniform title For dummies
942 ## - ADDED ENTRY ELEMENTS (KOHA)
Source of classification or shelving scheme Dewey Decimal Classification
Koha item type Book

No items available.